Aufbau und Wechsellagen der Ungarischen Volkswirtschaft
Elmentve itt :
| Szerző: | |
|---|---|
| Dokumentumtípus: | Cikk |
| Megjelent: |
1940
|
| Sorozat: | Kolligátum
|
| Kulcsszavak: | Népgazdaság - magyar |
| Online Access: | http://misc.bibl.u-szeged.hu/22616 |
| LEADER | 00569nab a2200169 i 4500 | ||
|---|---|---|---|
| 001 | misc22616 | ||
| 005 | 20191108150224.0 | ||
| 008 | 170907s1940 hu o 0|| zxx d | ||
| 040 | |a SZTE Miscellanea Repozitórium |b hun | ||
| 041 | |a zxx | ||
| 100 | 2 | |a Surányi-Unger Tivadar | |
| 245 | 1 | 0 | |a Aufbau und Wechsellagen der Ungarischen Volkswirtschaft |h [elektronikus dokumentum] / |c Surányi-Unger Tivadar |
| 260 | |c 1940 | ||
| 300 | |a 1-25 | ||
| 490 | 0 | |a Kolligátum | |
| 695 | |a Népgazdaság - magyar | ||
| 856 | 4 | 0 | |u http://misc.bibl.u-szeged.hu/22616/1/15302_001-025.pdf |z Dokumentum-elérés |